000
00309nam a22001337a 4500
008
171104b xxu||||| |||| 00| 0 eng d
020
_a
9780071451505
041
_a
eng
080
_a
339.138
100
_a
61
101
_a
SHTJ
245
_a
MAKING MILLIONS IN DIRECT SALES
_c
MALAGHAN, M.G
942
_2
udc
_c
BK
999
_c
37602
_d
37602